000
00224nam a22000857a 4500
008
250213b ||||| |||| 00| 0 eng d
100
_a
Packs and Cards
245
_a
British Presentation Packs
650
_a
British Presentation Packs
999
_c
3648
_d
3648